| 000 | 01840nam a22002415i 4500 | ||
|---|---|---|---|
| 001 | 163204 | ||
| 003 | ES-MaACL | ||
| 005 | 20250928121054.0 | ||
| 008 | 970213m18281836fr |||| | fre d | ||
| 040 |
_aCYL _bspa _cCYL _dCCPB | CAM |
||
| 100 | 0 |
_aReid, Thomas. _995981 |
|
| 245 | 1 | 0 |
_aOeuvres complètes de Thomas Reid, chef de l'école écossaise / _cpubliées par M. Th. Jouffroy ; avec des fragments de M. Royer-Collard, et une introduction de l'éditeur... |
| 260 |
_aParis : _bVictor Masson, _c1828-1836 ( _fImprimerie de E. Duverger) |
||
| 300 |
_a6 v. ; _c21 cm. |
||
| 505 | 8 | _aContiene: I. Préface du traducteur. Notices bibliographiques sur l'école écossaise depuis Hutcheson jusqu'à nos jours. Vie de Reid par Dugald-Stewart. Essai sur la quantité. Analyse de la Logique d'Aristote. - "V. Masson", 1836. (La couverture porte : "1835".) ; II. Recherches sur l'entendement humain d'après les principes du sens commun. - "A. Sautelet", 1828 ; III-IV. Essais sur les facultés intellectuelles de l'homme. - "A. Sautelet", 1828 ; V. Essais sur les facultés intellectuelles de l'homme. Essais sur les facultés actives de l'homme. - "A. Sautelet", 1829 ; VI. Essais sur les facultés actives de l'homme. - "A. Sautelet", 1829 | |
| 596 | _aT. II-VI editados por Alexandre Mesnier, libraire e impresos en la Imprimerie de Gaultier-Laguionie. | ||
| 596 | _aEn los prelim. del t. I. se piden desculpas por los años que han transcurrido entre la publicación de los t. II-VI (1826-1828) y el t. I. (1836) | ||
| 597 | _aT. I. (III, CCXL, 212 p.) -- T.II (394 p.) -- t. III. (452 p.) -- t. IV (455 p.) -- T V. (418 p.) -- t. VI (436 p.) | ||
| 700 |
_aJouffroy, Théodore, _d1796-1842 _9222573 |
||
| 700 | 1 |
_aRoyer-Collard, Pierre-Paul. _9100216 |
|
| 852 |
_aES-MaACL _jG-8201-06 _z-- Enc. hol. |
||
| 999 |
_c163204 _d163204 |
||